000 00680nam a2200217 u 4500
005 20240924071232.0
008 080522s2007 r 000 0 eng d
020 _a1404266887
035 _aUPN01000156175
049 _aI
050 4 _aPZ71
_bS3.3
100 1 _aScanlon, Jack
245 1 4 _aLos colores del zoológico /
_cJack Scanlon ; tr. María Cristina Brusca.
260 _aNew York :
_bRosen Classroom Books & Materials,
_c2007.
300 _a8 p. :
_bprincipalmente il. col.
440 0 _aLecturas del barrio.
_pNarrativa
650 4 _aLiteratura infantil
_94445
650 7 _aAnimales
_vLiteratura infantil
_2
_91061
650 4 _aCOLORES
_96786
905 _aInfantil
999 _c128289
_d128289